Els Vivers d'empreses de la província de Barcelona / Gregori Cascante, Guillem Díaz
Descripción Física:
104 p. ; 23 cm
Colección:
Eines per al desenvolupament local ; 3
Otros Autores:
Díaz, Guillem
MARC
| LEADER | 00000nam a2200000Ia 4500 | ||
|---|---|---|---|
| 001 | 10696 | ||
| 008 | 160829s1994 xx 000 0 cat d | ||
| 080 | |a M-2-110 | ||
| 100 | |a Cascante, Gregori |9 166 | ||
| 245 | |a Els Vivers d'empreses de la província de Barcelona / Gregori Cascante, Guillem Díaz | ||
| 260 | |a Barcelona : |b Diputació de Barcelona. Servei de Promoció Econòmica, |c 1994 | ||
| 300 | |a 104 p. ; |c 23 cm | ||
| 490 | |a Eines per al desenvolupament local ; 3 | ||
| 650 | |a Empreses |x Barcelona (Província) |9 32815 | ||
| 650 | 0 | |a Ordenació del territori |z Barcelona (Província) |9 45062 | |
| 700 | |a Díaz, Guillem |9 32816 | ||
| 901 | |a Arxiu | ||
| 942 | |n 1 |2 udc | ||
| 952 | |0 0 |1 0 |4 0 |6 M2110 |7 1 |9 46112 |a Arxiu |b Arxiu |d 2016-12-01 |l 0 |o M-2-110 |p 10696 |r 2016-12-01 00:00:00 |w 2016-12-01 |y ARXIU | ||
| 999 | |c 49614 |d 49614 | ||